Brecha salarial de género (Registro nro. 47100)
[ vista simple ]
| 000 -CABECERA | |
|---|---|
| Longitud fija campo de control | 00930naa a2200265 c 4500 |
| 001 - NÚMERO DE CONTROL | |
| Número de control | 47100 |
| 003 - IDENTIFICADOR DE NÚMERO DE CONTROL | |
| Identificador del número de control | ES-MaCES |
| 005 - FECHA Y HORA DE LA ÚLTIMA TRANSACCIÓN | |
| Fecha y hora de la última transacción | 20160218093704.0 |
| 008 - CAMPO FIJO DE DESCRIPCIÓN FIJA--INFORMACIÓN GENERAL | |
| Códigos de información de longitud fija | 160218s2015 sp ||||| t||||||| ||spa d |
| 040 ## - FUENTE DE CATALOGACIÓN | |
| Centro catalogador de origen | ES-MaCES |
| Lengua de catalogación | spa |
| Centro transcriptor | ES-MaCES |
| Centro modificado | ES-MaCES |
| 100 1# - ENCABEZAMIENTO PRINCIPAL--NOMBRE PERSONAL | |
| 9 (RLIN) | 36473 |
| Nombre de persona | López Serrano, Antonio |
| 245 10 - MENCIÓN DE TÍTULO | |
| Título | Brecha salarial de género |
| Mención de responsabilidad, etc. | Antonio López Serrano |
| 650 #4 - ASIENTO SECUNDARIO DE MATERIA--TÉRMINO DE MATERIA | |
| 9 (RLIN) | 28387 |
| Término de materia o nombre geográfico como elemento inicial | salario |
| 650 #4 - ASIENTO SECUNDARIO DE MATERIA--TÉRMINO DE MATERIA | |
| 9 (RLIN) | 29458 |
| Término de materia o nombre geográfico como elemento inicial | diferencia del salario |
| 650 #4 - ASIENTO SECUNDARIO DE MATERIA--TÉRMINO DE MATERIA | |
| 9 (RLIN) | 28388 |
| Término de materia o nombre geográfico como elemento inicial | determinación del salario |
| 650 #4 - ASIENTO SECUNDARIO DE MATERIA--TÉRMINO DE MATERIA | |
| 9 (RLIN) | 28657 |
| Término de materia o nombre geográfico como elemento inicial | mujeres |
| 650 #4 - ASIENTO SECUNDARIO DE MATERIA--TÉRMINO DE MATERIA | |
| 9 (RLIN) | 27173 |
| Término de materia o nombre geográfico como elemento inicial | derechos de la mujer |
| 650 #4 - ASIENTO SECUNDARIO DE MATERIA--TÉRMINO DE MATERIA | |
| 9 (RLIN) | 28413 |
| Término de materia o nombre geográfico como elemento inicial | trabajadora |
| 650 #4 - ASIENTO SECUNDARIO DE MATERIA--TÉRMINO DE MATERIA | |
| 9 (RLIN) | 27184 |
| Término de materia o nombre geográfico como elemento inicial | igualdad de remuneración |
| 650 #4 - ASIENTO SECUNDARIO DE MATERIA--TÉRMINO DE MATERIA | |
| 9 (RLIN) | 29521 |
| Término de materia o nombre geográfico como elemento inicial | discriminación por razones de sexo |
| 653 10 - TÉRMINO DE INDEXACIÓN--NO CONTROLADO | |
| Término no controlado | Mujer |
| 773 0# - ENTRADA DE DOCUMENTO FUENTE | |
| Itemnumber del ítem fuente | 84034 |
| Edición | 1ª ed |
| Lugar, editor y fecha de publicación | [Córdoba] Almuzara 2015 |
| Otro identificador del documento | 086936 |
| Título | Hablemos de retribución |
| Número de control del registro relacionado | (ES-MaCES)47065 |
| Número Internacional Normalizado para Libros (ISBN) | 9788416392599 |
| Parte(s) relacionada(s) | p.81-90 . - SG-7.0.-326 |
| 902 ## - CES. TIPO DE DOCUMENTO | |
| Tipodoc (006$c Sirtex) | ARL Artículo de libro |
| 942 ## - ELEMENTOS KOHA | |
| Fuente de clasificaión o esquema | Clasificación propia del CES |
| Koha [por defecto] tipo de item | Artículos (1982-2017) |
| Parte de clasificación | Asuntos Sociales |
No hay ítems disponibles.
